| 000 | 00635cam a2200217 a 4500 | ||
|---|---|---|---|
| 005 | 20131126094508.0 | ||
| 008 | 890706s1990 enk 001 0 eng d | ||
| 020 | _a0406957630 | ||
| 041 | 0 | _aeng | |
| 080 |
_a347 _x(035) |
||
| 245 | 0 | 0 |
_aButterworths company law handbook / _cconsultant editor, Keith Walmsley. |
| 250 | _a6th ed. | ||
| 260 |
_aLondon : _bButterworths ; _c2002. |
||
| 300 |
_a2913 f. ; _c25 cm. |
||
| 500 | _aIncludes index. | ||
| 650 | 0 |
_aLigji i koorporatave _zBritania e madhe |
|
| 650 | 0 |
_aE drejta civile _zBritania e madhe |
|
| 700 | 1 | _aWalmsley, Keith. | |
| 740 | 0 | 1 | _aCompany law handbook. |
| 942 |
_2udc _cBK |
||
| 999 |
_c360 _d360 |
||